Detalles MARC
| 000 -LEADER |
| campo de control de longitud fija |
02820nam a2200385 a 4500 |
| 001 - NÚMERO DE CONTROL |
| campo de control |
001479284 |
| 003 - IDENTIFICADOR DE NÚMERO DE CONTROL |
| campo de control |
PE-LiUPU |
| 005 - FECHA Y HORA DE LA ÚLTIMA TRANSACCIÓN |
| campo de control |
20250731173602.0 |
| 008 - DATOS DE LONGITUD FIJA--INFORMACIÓN GENERAL |
| campo de control de longitud fija |
240718b |||||||| |||| 00| 0 spa d |
| 020 ## - NÚMERO INTERNACIONAL ESTÁNDAR DEL LIBRO |
| Número Internacional Estándar del Libro |
9789877018554 |
| 040 ## - FUENTE DE CATALOGACIÓN |
| Centro catalogador/agencia de origen |
AR-BaBN |
| Lengua de catalogación |
spa |
| Centro/agencia transcriptor |
PE-LiUPU |
| Normas de descripción |
rda |
| Centro/agencia modificador |
PE-LiUPU |
| 082 ## - NÚMERO DE LA CLASIFICACIÓN DECIMAL DEWEY |
| Número de edición |
23 |
| Número de clasificación |
285.7325 |
| Cutter |
BSM |
| 100 ## - ENTRADA PRINCIPAL--NOMBRE DE PERSONA |
| Nombre de persona |
White, Elena G. de |
| Fechas asociadas al nombre |
1848-1915 |
| 9 (RLIN) |
959 |
| Término indicativo de función/relación |
autor. |
| 245 10 - MENCIÓN DEL TÍTULO |
| Título |
Bendiciones sin medida : |
| Resto del título |
viva de acuerdo con el plan de Dios. Edición especial con guía de estudios de capítulos seleccionados / |
| Mención de responsabilidad, etc. |
Elena G. de White. |
| 250 ## - MENCION DE EDICION |
| Mención de edición |
Primera edición. |
| 264 ## - PRODUCCIÓN, PUBLICACIÓN, DISTRIBUCIÓN, FABRICACIÓN Y COPYRIGHT |
| Producción, publicación, distribución, fabricación y copyright |
Florida Oeste : |
| Nombre del de productor, editor, distribuidor, fabricante |
Asociación Casa Editora Sudamericana, |
| Fecha de producción, publicación, distribución, fabricación o copyright |
2018. |
| 300 ## - DESCRIPCIÓN FÍSICA |
| Extensión |
254 páginas ; |
| Dimensiones |
20 centímetros. |
| 500 ## - NOTA GENERAL |
| Nota general |
En portada: "Edición especial con guía de estudios de capítulos seleccionados". |
| 504 ## - NOTA DE BIBLIOGRAFÍA, ETC. |
| Nota de bibliografía, etc. |
Colaboradores con Dios -- Nuestro generoso Benefactor -- Por qué Dios emplea a los hombres como los encargados de distribuir sus recursos -- Principios conflictivos de Cristo y de Satanás -- Donde Cristo mora hay liberalidad -- Hay que sostener la obra de Dios -- Una sincera vinculación con la iglesia -- La voz de la consagración -- Llamamiento a una mayor diligencia -- Una prueba de lealtad -- Fundado sobre principios eternos -- Un plan hermoso y sencillo -- Una cuestión de honradez -- Regularidad y sistema -- El mensaje de Malaquías -- Probemos al Señor -- El empleo del diezmo -- Los principios de la mayordomía -- Nuestros talentos -- Responsabilidades del que tiene un talento -- Robando a Dios el servicio legítimo -- Frente al día del juicio -- La riqueza es un talento confiado -- Métodos para adquirir riquezas -- El peligro de la prosperidad -- Trampas de Satanás -- El mal uso de la riqueza -- La simpatía por los pobres -- El motivo verdadero en todo servicio -- Ofrendas voluntarias -- Métodos populares de incentivo -- El peligro de la codicia -- Procurando servir a Dios y a Mamón -- Profesantes vanos -- La búsqueda de las riquezas -- Viviendo en armonía con las entradas -- Dejado al honor de los hombres -- Palabras para la juventud -- Una exhortación a la economía -- Las promesas a Dios comprometen -- El pecado de Ananías -- Un contrato con Dios -- La recompensa como motivación en el servicio -- El tesoro en el cielo -- Bendiciones temporales para los generosos -- Compartiendo el gozo de los redimidos. |
| 526 ## - NOTA DE INFORMACIÓN SOBRE EL PROGRAMA DE ESTUDIO |
| Nombre del programa |
Segunda Especialidad En Profecías Bíblicas |
| 526 ## - NOTA DE INFORMACIÓN SOBRE EL PROGRAMA DE ESTUDIO |
| Nombre del programa |
Segunda Especialidad En Nuevo Testamento |
| 526 ## - NOTA DE INFORMACIÓN SOBRE EL PROGRAMA DE ESTUDIO |
| Nombre del programa |
Segunda Especialidad En Antiguo Testamento |
| 526 ## - NOTA DE INFORMACIÓN SOBRE EL PROGRAMA DE ESTUDIO |
| Nombre del programa |
Segunda Especialidad En Estudios Adventistas |
| 526 ## - NOTA DE INFORMACIÓN SOBRE EL PROGRAMA DE ESTUDIO |
| Nombre del programa |
Doctorado en teología |
| 526 ## - NOTA DE INFORMACIÓN SOBRE EL PROGRAMA DE ESTUDIO |
| Nombre del programa |
Maestría en teología histórica |
| 526 ## - NOTA DE INFORMACIÓN SOBRE EL PROGRAMA DE ESTUDIO |
| Nombre del programa |
Maestría en teología bíblica |
| 526 ## - NOTA DE INFORMACIÓN SOBRE EL PROGRAMA DE ESTUDIO |
| Nombre del programa |
Maestría en teología |
| 526 ## - NOTA DE INFORMACIÓN SOBRE EL PROGRAMA DE ESTUDIO |
| Nombre del programa |
Maestría en misionología |
| 526 ## - NOTA DE INFORMACIÓN SOBRE EL PROGRAMA DE ESTUDIO |
| Nombre del programa |
Maestría en liderazgo eclesiástico |
| 526 ## - NOTA DE INFORMACIÓN SOBRE EL PROGRAMA DE ESTUDIO |
| Nombre del programa |
Teología |
| 650 14 - PUNTO DE ACCESO ADICIONAL DE MATERIA--TÉRMINO DE MATERIA |
| Término de materia o nombre geográfico como elemento de entrada |
Vida espiritual |
| Subdivisión general |
Cristianismo |
| 650 14 - PUNTO DE ACCESO ADICIONAL DE MATERIA--TÉRMINO DE MATERIA |
| Término de materia o nombre geográfico como elemento de entrada |
Mayordomía cristiana |
| 9 (RLIN) |
930 |
| 942 ## - ELEMENTOS DE ENTRADA SECUNDARIOS (KOHA) |
| Fuente del sistema de clasificación o colocación |
Clasificación Decimal Dewey |
| Tipo de ítem Koha |
Libros físicos |
| Suprimir en OPAC |
No |
| 980 ## - EQUIVALENCIA O REFERENCIA-CRUZADA-MENCIÓN DE SERIE--NOMBRE DE PERSONA/TÍTULO [LOCAL, CANADÁ] |
| ID del usuario creador del registro |
18226 |
| Nombre del creador del registro |
Jaime Vilcazán Jefe de Análisis Documental |
| ID del último usuario que modificó el registro |
1 |
| Nombre del último usuario que modificó el registro |
ALBERTO SANCHEZ Responsable de Automatización |